00294nam a2200121Ia 4500008004100000100002600041245003400067260002300101300000800124650001600132942000700148999001700155190216s9999||||xx |||||||||||||| ||und|| aSamuel Conte And Boor 0aElementary Numerical Analysis bMcgraw -hillc1980 a432 aMathematics cBK c31238d31238